000 00517nam a2200181Ia 4500
005 20250326124213.0
008 250326s9999 xx 000 0 und d
037 _aTextbook
040 _aFMSL
_beng
_cFMSL
041 _aeng
_2eng
084 _aX:51:f L1;1
_qFMSL
100 _aBlankenship A B
245 0 _aMarketing research management
_cBlankenship A B; Doyle J B
260 _aBombay
_bBombay, D B Taraporevala
_c1971
300 _a400p
942 _cTB
_hX:51:f L1;1
999 _c1272725
_d1272725